Flags of all Countries, Autonomous Regions, Territories and Islands - Statistics

General Stats
  • This quiz has been taken 1,983 times
    816 since last reset
  • The average score is 209 of 354
Answer Stats
Picture Answer % Correct
North Korea
95%
Kazakhstan
94%
Kuwait
94%
Luxembourg
94%
Malta
94%
Vanuatu
94%
Sudan
93%
Tonga
93%
Djibouti
92%
Iceland
92%
Paraguay
92%
The Gambia
90%
Israel
89%
Belarus
87%
Egypt
87%
Japan
86%
Taiwan
86%
Kiribati
84%
Togo
84%
Guinea Bissau
83%
Argentina
82%
Belgium
82%
Ivory Coast
82%
Azerbaijan
81%
Canada
81%
Norway
81%
Tunisia
80%
Turkmenistan
80%
Bulgaria
79%
Hong Kong
79%
Malawi
79%
Panama
79%
Russia
79%
The Bahamas
79%
Belize
78%
Bhutan
78%
Botswana
78%
Brazil
78%
Chile
78%
Georgia
78%
Greenland
78%
Hungary
78%
Italy
78%
Palestine
78%
United Kingdom
78%
Vietnam
78%
Algeria
77%
Andorra
77%
Jordan
77%
Mauritania
77%
Moldova
77%
Philippines
77%
Poland
77%
Sweden
77%
United States
77%
Australia
76%
Austria
76%
Democratic Republic of the Congo
76%
Dominica
76%
England
76%
Eritrea
76%
Ethiopia
76%
Honduras
76%
Madagascar
76%
Malaysia
76%
Marshall Islands
76%
Nicaragua
76%
Papua New Guinea
76%
Saint Kitts and Nevis
76%
Slovakia
76%
South Sudan
76%
Vatican City
76%
Ireland
75%
Jamaica
75%
Palau
75%
Samoa
75%
San Marino
75%
Trinidad and Tobago
75%
Turkey
75%
Angola
74%
Barbados
74%
China
74%
Comoros
74%
Iran
74%
Lesotho
74%
Libya
74%
North Macedonia
74%
Qatar
74%
Romania
74%
Somalia
74%
Sri Lanka
74%
Afghanistan
73%
Albania
73%
Armenia
73%
Bangladesh
73%
Chad
73%
Colombia
73%
Cyprus
73%
Czechia
73%
France
73%
Grenada
73%
India
73%
Indonesia
73%
Maldives
73%
Mexico
73%
Montenegro
73%
Morocco
73%
Namibia
73%
Netherlands
73%
New Zealand
73%
Scotland
73%
Slovenia
73%
South Korea
73%
Thailand
73%
Ukraine
73%
United Arab Emirates
73%
Bahrain
72%
Burundi
72%
Cambodia
72%
Cameroon
72%
Croatia
72%
Cuba
72%
Dominican Republic
72%
Finland
72%
Ghana
72%
Guatemala
72%
Guinea
72%
Isle of Man
72%
Kenya
72%
Monaco
72%
Myanmar
72%
Niger
72%
Nigeria
72%
Norfolk Island
72%
Oman
72%
Pakistan
72%
Republic of the Congo
72%
Saint Lucia
72%
Uruguay
72%
Yemen
72%
Zambia
72%
Brunei
71%
Burkina Faso
71%
Cape Verde
71%
Denmark
71%
Ecuador
71%
Equatorial Guinea
71%
Eswatini
71%
Fiji
71%
Germany
71%
Gibraltar
71%
Haiti
71%
Kosovo
71%
Kyrgyzstan
71%
Latvia
71%
Lebanon
71%
Liechtenstein
71%
Nepal
71%
Peru
71%
Puerto Rico
71%
Rwanda
71%
Saint Vincent and the Grenadines
71%
Serbia
71%
Seychelles
71%
Singapore
71%
Spain
71%
Suriname
71%
Switzerland
71%
Syria
71%
Zimbabwe
71%
Antigua and Barbuda
70%
Bosnia and Herzegovina
70%
Cook Islands
70%
Costa Rica
70%
East Timor
70%
Estonia
70%
Federated States of Micronesia
70%
Greece
70%
Iraq
70%
Laos
70%
Lithuania
70%
Mauritius
70%
Mongolia
70%
Mozambique
70%
Portugal
70%
Saudi Arabia
70%
Sierra Leone
70%
South Africa
70%
Uganda
70%
Uzbekistan
70%
Venezuela
70%
Wales
70%
Central African Republic
69%
Guyana
69%
Liberia
69%
Tajikistan
69%
Tanzania
69%
Tuvalu
69%
Guam
68%
Nauru
68%
São Tomé and Príncipe
68%
Senegal
68%
Solomon Islands
68%
American Samoa
67%
Benin
67%
Gabon
67%
Mali
67%
New Caledonia
67%
Taliban
67%
Faroe Islands
66%
Bermuda
65%
Catalonia
65%
Macau
65%
Northern Ireland
65%
Anguilla
64%
Curacao
64%
Guernsey
64%
US Virgin Islands
64%
Tibet
63%
Western Sahara
63%
Aruba
62%
Christmas Island
62%
Jersey
61%
Aland Islands
59%
French Polynesia
59%
Guadeloupe
59%
Johnston Atoll
58%
Northern Cyprus
58%
Tokelau
58%
Azores
57%
French Guiana
57%
Reunion
57%
South Ossetia
57%
Wake Island
57%
Kurdistan
56%
Niue
56%
Somaliland
56%
Transnistria
55%
Falkland Islands
54%
Hawaii
54%
Abkhazia
53%
Bonaire
53%
British Virgin Islands
53%
Cocos Islands
53%
Corsica
53%
Montserrat
53%
Northern Mariana Islands
53%
Sardinia
53%
Wallis and Futuna
53%
Zanzibar
50%
Alaska
49%
Quebec
49%
Saint Pierre and Miquelon
49%
Sicily
49%
Sint Maarten
49%
British Indian Ocean Territory
48%
Antarctica
47%
Cayman Islands
47%
Mayotte
47%
Easter Island
46%
Saba
45%
Saint Helena
45%
Canary Islands
44%
El Salvador
44%
Martinique
44%
Saint Barthelemy
44%
Turks and Caicos Islands
44%
Artsakh
43%
Bougainville
43%
Pitcairn Islands
43%
Basque Country
41%
Tristan da Cunha
41%
British Antarctic Territory
40%
Crimea
40%
East Turkestan
40%
Flemish Region
40%
Madeira
40%
Sint Eustatius
40%
Wallonia
39%
French Southern and Antarctic Lands
38%
Ascension Island
36%
Berber
35%
Ceuta
35%
Chechnya
34%
Shetland
34%
Aboriginal
32%
Prince Edward Island
32%
South Georgia and the South Sandwich Islands
32%
Tasmania
30%
Balearic Islands
29%
Bali
29%
Kaliningrad
29%
Aragon
28%
Assyria
28%
District of Columbia
28%
Melilla
28%
Sapmi
28%
West Papua
28%
Darfur
27%
Orkney
27%
Alderney
26%
Puntland
25%
Azad Kashmir
24%
Grande Comore
24%
Mallorca
24%
Alsace
23%
Ambazonia
23%
Cabinda
23%
Galapagos
23%
Juan Fernandez Islands
23%
Karakalpakstan
23%
Argentine Antarctic Territory
22%
Menorca
22%
Barbuda
21%
Magallanes
21%
Barotseland
20%
Chuuk State
20%
Gagauzia
20%
Lord Howe Island
20%
Yogyakarta
20%
Mon State
19%
Principe
19%
South Tyrol
19%
Western Togoland
19%
Adjara
18%
Adygea
18%
Buganda
18%
Crimean Tatars
18%
Haida
18%
Heligoland
17%
Nunatsiavut
17%
Ogoni People
17%
Tamil Eelam
17%
Anjouan
16%
Bangsamoro
16%
La Palma
16%
North Caribbean Coast Autonomous Region
16%
Peoples of French Guiana
16%
Pine Ridge Reservation
16%
South Caribbean Coast Autonomous Region
16%
Aceh
15%
Gilgit-Baltistan
15%
Great Lakes Twa
15%
Moheli
15%
Rodrigues
14%
Rohingya
14%
Rojava
14%
Sindhudesh
14%
Tlicho Nation
14%
Labuan
13%
Campione d Italia
12%
Kabylia
12%
Kuna Yala
12%
Lunda Tchokwe
11%
No matching quizzes found
Score Distribution
Percent of People with Each Score
Percentile by Number Answered
Your Score History
You have not taken this quiz since the last reset